Newcastle United Squad 2015-2016 - Statistics

General Stats
  • This quiz has been taken 24 times
  • The average score is 22 of 37
Answer Stats
# Position Nation Player % Correct
5 MF Netherlands Georginio Wijnaldum
100%
9 FW Senegal Papiss Cissé
95%
1 GK Netherlands Tim Krul
95%
45 FW Serbia Aleksandar Mitrović
89%
17 FW Spain Ayoze Pérez
84%
24 MF Ivory Coast Cheik Tioté
84%
7 MF France Moussa Sissoko
84%
3 DF Wales Paul Dummett
84%
- Coach Spain Rafa Benítez
84%
22 DF Netherlands Daryl Janmaat
79%
2 DF Argentina Fabricio Coloccini
74%
15 DF England Jamaal Lascelles
74%
21 GK Ireland Rob Elliot
74%
18 DF DR Congo Chancel Mbemba
68%
16 FW Jamaica Rolando Aarons
63%
8 MF Curaçao Vurnon Anita
63%
11 FW France Yoan Gouffran
63%
20 FW France Florian Thauvin
58%
23 MF Senegal Henri Saivet
58%
4 MF England Jack Colback
58%
26 GK England Karl Darlow
58%
12 MF England Jonjo Shelvey
53%
43 DF Switzerland Kevin Mbabu
53%
10 MF Netherlands Siem de Jong
53%
27 DF England Steven Taylor
53%
41 GK England Freddie Woodman
47%
25 FW England Andros Townsend
42%
33 DF Australia Curtis Good
42%
29 FW Martinique Emmanuel Rivière
42%
14 FW France Gabriel Obertan
42%
6 DF England Mike Williamson
42%
28 FW Ivory Coast Seydou Doumbia
42%
- Coach England Steve McClaren
42%
19 DF Mali Massadio Haidara
32%
38 MF Burundi Gaël Bigirimana
26%
36 FW England Ivan Toney
21%
31 MF France Sylvain Marveaux
11%
No matching quizzes found
Score Distribution
Percent of People with Each Score
Percentile by Number Answered
Your Score History
You have not taken this quiz